00457nam a2200145Ia 4500008004100000020003000041082002200071100001800093245005500111250001300166260005100179300003900230650002000269852002200289190805s9999||||xx |||||||||||||| ||und|| a9789353166366cRs. 550.0004a330.954076bSi6461 aSingh, Ramesh10aIndian Economy : for civil services examination /  a11th ed. aChennai : bMcGraw Hill Education India,c2019 avarious paginationsb : c; 24 cm. 0aEconomic policy aIMU Kochi Library